| 000 | 00000nam##2200000za#4500 |
| 001 | 9.648223 |
| 003 | CaOODSP |
| 005 | 20210615113006 |
| 007 | ta |
| 008 | 150407|2001||||xxc||||| f|0| 0 eng|d |
| 020 | |a0-662-30668-6 |
| 040 | |aCaOODSP|beng |
| 043 | |an-cn--- |
| 086 | 1 |aT22-107/2001E |
| 110 | 1 |aCanada. |bTransport Canada. |
| 245 | 10|aVision and balance : |breport of the Canada Transportation Act Review Panel |
| 260 | |aOttawa - Ontario : |bTransport Canada |c2001. |
| 300 | |axiv, 346p. : |bgraphs, tables ; |c23 cm. + |ea CD-ROM. |
| 500 | |aContents: The Panel's mandate and the review process.--Context for the panel's review.--Guiding principles and themes for a review of transportation issues and policies.--Competitive rail access: issues defined.--Competitive rail access and shipper protections.--The merger review process.--Marine Transport.--Governance of the newly commercialized infrastructure providers.--Paying for roads.--Ferriers, intercity buses and passenger trains.--The National interest in urban transportation.--Preserving urban rail corridors.--Transportation accessibility for persons with disabilities.--The Trucking industry.--The Impact of E-business on transportation.--Public policy development.--Other legislative changes.--Towards a vision of national transportation policy.--The Panel's mandate and term of reference.--Legislative context.--Appendix. CD-ROM partial contents: Interim report on competitive rail access.--List of recommendations.--Additional rail information.--Survey of shippers.--Summary of principal research reports. |
| 563 | |aSoftcover |
| 590 | |a01-31|b2001-08-03 |
| 690 | 07|aTransport policy|2gcpds |
| 690 | 07|aLegislation|2gcpds |
| 690 | 07|aTransport|2gcpds |
| 775 | 08|tVision fondée sur l'équilibre : |w(CaOODSP)9.681539 |
| 776 | 0#|tVision and balance : |w(CaOODSP)9.695762 |